LEADER 01178nas 2200409 c 450 001 9910897127303321 005 20260218112416.0 024 7 $aurn:nbn:de:hebis:30:4-3115 035 $a(DE-599)ZDB2649906-X 035 $a(OCoLC)1366322297 035 $a(DE-101)1019508612 035 $a(CKB)5680000000504299 035 $a(DE-599)2649906-X 035 $a(EXLCZ)995680000000504299 100 $a20120206b18701980 |y | 101 0 $ager 135 $aur||||||||||| 181 $ctxt$2rdacontent 182 $cc$2rdamedia 183 $acr$2rdacarrier 200 00$aPalaeontographica$eBeitra?ge zur Naturgeschichte d. Vorzeit$hSupplement 210 31$aStuttgart$cSchweizerbart$d1870-1980 215 $aOnline-Ressource 300 $aMehr nicht digitalisiert 517 1 $aPalaeontographica / Supplement 517 3 $aBeitra?ge zur Geologie und Palaeontologie der Republik Mexico 608 $aMonografische Reihe$2gnd-content 676 $a500 676 $a550 686 $a13$2ssgn 801 0$b0030 801 1$bDE-101 801 2$b9999 906 $aJOURNAL 912 $a9910897127303321 996 $aPalaeontographica$91799541 997 $aUNINA